[Event "Turkish Bank Chess League 2012"]
[Site "Konya TUR"]
[Date "2012.07.16"]
[Round "6"]
[White "Demir,Z"]
[Black "Sirin,A"]
[Result "0-1"]
[WhiteElo "1926"]
[BlackElo "2255"]

1.d4 d5 2.c4 e6 3.Nc3 c6 4.Nf3 Nf6 5.e3 Bd6 6.Bd3 Nbd7 7.e4 dxe4 8.Nxe4 Nxe4
9.Bxe4 Nf6 10.Bc2 b6 11.O-O Bb7 12.b3 Qc7 13.Bb2 c5 14.dxc5 bxc5 15.Re1 O-O-O
16.Qe2 Qc6 17.h3 Rd7 18.Rad1 Rhd8 19.a3 Nh5 20.Be5 Nf4 21.Bxf4 Bxf4 22.Rxd7 Rxd7
23.Be4 Qxe4 24.Qxe4 Bxe4 25.Rxe4 Rd1+ 26.Re1 Rd3 27.Rb1 f6 28.Kf1 e5 29.Ng1 e4
30.Ne2 Be5 31.Nc1 Rd1+ 32.Ke2 Rh1 33.g3 Bc3 34.f4 Re1+ 35.Kf2 e3+ 36.Kf3 Bd2
37.b4 Rxc1 38.Rb3 Rxc4 39.bxc5 Rxc5 40.Rd3 Kc7 41.Rd4 a5 42.g4 h5 43.Re4 hxg4+
44.hxg4 Kd6 45.Re8 Rc7 46.Rd8+ Rd7 47.Ra8 Re7 48.Ke2 Re4 49.Ra7 Rxf4 50.Rxg7 Kc5
51.g5 fxg5 52.Rxg5+ Kc4  0-1

[Event "Turkish Bank Chess League 2012"]
[Site "Konya TUR"]
[Date "2012.07.16"]
[Round "7"]
[White "Nielsen,PH"]
[Black "Esen,B"]
[Result "1/2-1/2"]
[WhiteElo "2665"]
[BlackElo "2575"]

1.d4 d5 2.c4 c6 3.Nc3 Nf6 4.e3 e6 5.Nf3 Nbd7 6.Qc2 b6 7.Bd3 Bb7 8.O-O Be7
9.b3 h6 10.Bb2 O-O 11.Rad1 Qc7 12.Rfe1 Rfe8 13.a3 c5 14.cxd5 exd5 15.Bf5 Rad8
16.Rc1 Qb8 17.Red1 a6 18.Ne2 Ne4 19.dxc5 Bxc5 20.Ned4 a5 21.b4 axb4 22.axb4 Bf8
23.Qc7 Bd6 24.Qxb8 Nxb8 25.Nb5 Bxb4 26.Nc7 Rf8 27.Ne6 fxe6 28.Bxe6+ Kh8 29.Rc7 Bc3
30.Bxc3 Nxc3 31.Rxc3 Rf6 32.Nd4 Na6 33.Rb1 Nc5 34.Bg4 Ba6 35.Bf3 Bc4 36.Ra3 Rb8
37.Rba1 b5 38.Ra8 Rff8 39.Rxb8 Rxb8 40.Nc6 Rc8 41.Nb4 Ne4 42.Bg4 Re8 43.Bf3 Nc3
44.h3 Rd8 45.Kh2 Rd6  1/2-1/2

[Event "Turkish Bank Chess League 2012"]
[Site "Konya TUR"]
[Date "2012.07.16"]
[Round "7"]
[White "Ererdem,G"]
[Black "Yuksel,A"]
[Result "1/2-1/2"]
[WhiteElo "1963"]
[BlackElo "1978"]

1.d4 Nf6 2.Nf3 d5 3.c4 c6 4.Nc3 e6 5.e3 Nbd7 6.Qc2 Bd6 7.Bd3 O-O 8.O-O dxc4
9.Bxc4 e5 10.Rd1 Qc7 11.h3 a6 12.e4 b5 13.Be2 h6 14.Be3 Bb7 15.Rac1 Rac8
16.dxe5 Nxe5 17.Nh4 Ng6 18.Nxg6 fxg6 19.Bf3 Kh7 20.Ne2 Rfe8 21.h4 h5 22.g3 Be5
23.Bc5 Rcd8 24.b4 Rxd1+ 25.Rxd1 Bc8 26.Bg2 Qf7 27.f4 Bb8 28.e5 Nd5 29.Nc3 Be6
30.Ne4 Kg8 31.Ng5 Bf5 32.Qb3 Qc7 33.Rxd5 cxd5 34.Bxd5+ Kh8 35.Nf7+ Kh7 36.Ng5+ Kh8
37.Nf7+ Kh7 38.Ng5+  1/2-1/2

[Event "7th Nana Aleksandria Cup"]
[Site "Poti GEO"]
[Date "2012.07.16"]
[Round "3.4"]
[White "Hayrapetian,O"]
[Black "Namir,M"]
[Result "1-0"]
[WhiteElo "2458"]
[BlackElo "2207"]

1.d4 d5 2.Nf3 Nf6 3.c4 e6 4.Nc3 c6 5.e3 Nbd7 6.Bd3 dxc4 7.Bxc4 b5 8.Bd3 Bb7
9.O-O a6 10.e4 c5 11.e5 cxd4 12.Nxb5 Bxf3 13.Qxf3 Nd5 14.Nxd4 Nxe5 15.Qe2 Nxd3
16.Qxd3 Bc5 17.Rd1 O-O 18.Qe2 Qf6 19.Nf3 Rfc8 20.Rb1 Bb6 21.Bg5 Qg6 22.Rbc1 h6
23.Bd2 Rc2 24.Ne5 Qh7 25.Qf3 Rf8 26.Nd3 Rxc1 27.Rxc1 Be3 28.Qe2 Bxd2 29.Qxd2 Qf5
30.g3 Rb8 31.b3 Nf6 32.Nc5 Ng4 33.Nxa6 Ra8 34.Nb4 Qh5 35.h4 Ne5 36.Qf4 Qe2
37.Kg2 Qb5 38.Qe4 Rd8 39.Nc6 Nxc6 40.Qxc6 Qe2 41.a4 g6 42.Qf3 Qe5 43.Rd1 Rb8
44.Rd7 Qg7 45.a5 Rb5 46.a6 Ra5 47.a7 Qf8 48.b4  1-0

[Event "ch-MNE 2012"]
[Site "Cetinje MNE"]
[Date "2012.07.17"]
[Round "10.3"]
[White "Drasko,M"]
[Black "Nikcevic,N"]
[Result "1/2-1/2"]
[WhiteElo "2481"]
[BlackElo "2437"]

1.d4 d5 2.c4 c6 3.e3 Nf6 4.Nc3 e6 5.Nf3 Nbd7 6.Qc2 Bd6 7.b3 O-O 8.Be2 Re8
9.O-O dxc4 10.bxc4 e5 11.Rd1 exd4 12.exd4 Nf8  1/2-1/2

[Event "35th Taminco Open"]
[Site "Ghent BEL"]
[Date "2012.07.17"]
[Round "8.8"]
[White "Sadkowsky,D"]
[Black "Barbe,T"]
[Result "1-0"]
[WhiteElo "2289"]
[BlackElo "2067"]

1.d4 d5 2.c4 c6 3.Nf3 Nf6 4.Nc3 e6 5.e3 Nbd7 6.Qc2 Bd6 7.b3 O-O 8.Be2 b6
9.O-O Bb7 10.Bb2 Rc8 11.Rfd1 Qe7 12.Rac1 Rfd8 13.Qb1 c5 14.cxd5 exd5 15.Bf1 h6
16.g3 Qe6 17.Bg2 Bb8 18.a3 Bd6 19.Nb5 Bb8 20.dxc5 bxc5 21.b4 Qb6 22.Bxf6 Nxf6
23.bxc5 Rxc5 24.Rxc5 Qxc5 25.Rc1 Qb6 26.Nfd4 Rc8 27.Rxc8+ Bxc8 28.Qb4 a6
29.Nc3 Qxb4 30.axb4 Bd6 31.b5 axb5 32.Ndxb5 Be5 33.Nxd5 Nxd5 34.Bxd5 Bd7
35.Nd4 g5 36.f4 gxf4 37.gxf4 Bd6 38.Kf2 Kg7 39.Be4 Bc5 40.Bd5 Bd6 41.Kf3 Bc5
42.Nb3 Bd6 43.e4 f6 44.Nd4 Bc5 45.Ne2 Ba4 46.Nc3 Bd7 47.Bb3 Bd4 48.Ne2 Bb2
49.Ng3 Kg6 50.h4 h5 51.f5+ Kh6 52.Ne2 Be5 53.Nf4 Bc8 54.Bf7 Bxf4 55.Kxf4 Bd7
56.Ke3 Ba4 57.Kd4 Bd1 58.Kc5 Kg7 59.Bd5 Bc2 60.Kd6 Bd3 61.Ke7 Bc2 62.e5 fxe5
63.f6+ Kh7 64.f7  1-0

[Event "35th Taminco Open"]
[Site "Ghent BEL"]
[Date "2012.07.17"]
[Round "8.1"]
[White "Van der Stricht,G"]
[Black "Solodovnichenko,Y"]
[Result "0-1"]
[WhiteElo "2403"]
[BlackElo "2598"]

1.d4 d5 2.c4 e6 3.Nc3 c6 4.e3 Nf6 5.Nf3 Nbd7 6.Qc2 Bd6 7.Bd3 O-O 8.O-O dxc4
9.Bxc4 b5 10.Be2 Bb7 11.Rd1 Qc7 12.e4 e5 13.g3 Rae8 14.Bg5 b4 15.dxe5 Nxe5
16.Bxf6 gxf6 17.Na4 c5 18.Rac1 Nxf3+ 19.Bxf3 Re5 20.Qd2 Rd8 21.b3 Ree8 22.Qh6 Qe7
23.Qh5 Bxe4 24.Bxe4 Qxe4 25.Rc4 Qe2 26.Rg4+ Kf8 27.Rf1 Re5 28.Qh6+ Ke7 29.Rg7 Rh5
30.Qe3+ Qxe3 31.fxe3 c4 32.Rg4 c3 33.Rc4 Rb5 34.Rd1 Rd7 35.Kg2 Rc7 36.Rdd4 Rbb7
37.Rxc7+ Rxc7 38.Rd1 f5 39.Kf3 Be5 40.Ke2 Kf6 41.Kd3 Rd7+ 42.Kc2 Rxd1 43.Kxd1 Kg5
44.Nc5 Kg4 45.Nd3 Bd6 46.Ke2 Kh3 47.Ne1 Kxh2 48.Kf3 Bxg3 49.Nc2 Bd6 50.Kf2 Bc5
51.a3 a5 52.axb4 axb4 53.Kf3 h5 54.Ne1 Kg1 55.Nd3 Bd6  0-1

[Event "Corporation Centre Cup A"]
[Site "Izhevsk RUS"]
[Date "2012.07.17"]
[Round "3"]
[White "Smirnov,Alexey"]
[Black "Glukhov,A2"]
[Result "0-1"]
[WhiteElo "2414"]
[BlackElo "2141"]

1.d4 d5 2.c4 c6 3.Nf3 Nf6 4.Nc3 e6 5.e3 Nbd7 6.Bd3 dxc4 7.Bxc4 b5 8.Bd3 a6
9.e4 c5 10.d5 c4 11.dxe6 fxe6 12.Bc2 Qc7 13.O-O Bb7 14.Ng5 Nc5 15.f4 Qc6
16.Qe2 h6 17.e5 hxg5 18.Bg6+ Ke7 19.exf6+ gxf6 20.fxg5 Bg7 21.Be3 b4 22.gxf6+ Bxf6
23.Qf2 Nd7 24.Ne4 Rag8 25.Nxf6 Rxg6 26.Nd5+ exd5 27.Bd4 Rh7 28.Rae1+ Kd8
29.Qe3 Kc7 30.b3 Rg4 31.Rc1 Qh6  0-1

[Event "Corporation Centre Cup A"]
[Site "Izhevsk RUS"]
[Date "2012.07.17"]
[Round "3.7"]
[White "Kovalenko,I"]
[Black "Artemiev,V"]
[Result "1-0"]
[WhiteElo "2556"]
[BlackElo "2477"]

1.d4 d5 2.c4 c6 3.Nf3 Nf6 4.Nc3 e6 5.e3 Nbd7 6.Qc2 Bd6 7.Be2 O-O 8.O-O dxc4
9.Bxc4 a6 10.Rd1 b5 11.Be2 Qc7 12.e4 e5 13.Bg5 Re8 14.dxe5 Nxe5 15.Bxf6 Nxf3+
16.Bxf3 gxf6 17.h3 Bh2+ 18.Kh1 Be5 19.Ne2 Be6 20.Bg4 Bxg4 21.hxg4 Rad8 22.g3 Qc8
23.f3 Qe6 24.Kg2 Kg7 25.Rd2 Rxd2 26.Qxd2 Qc4 27.Nf4 Qd4 28.Qxd4 Bxd4 29.Rc1 c5
30.b3 Be3 31.Nh5+ Kf8 32.Rc2 Bd4 33.Nf4 Ke7 34.Kf1 Rc8 35.Ke2 c4 36.Nd5+ Ke6
37.bxc4 bxc4 38.Ne3 Bxe3 39.Kxe3 Ke5 40.f4+ Ke6 41.Kd4 Rg8 42.Rxc4 Rxg4 43.Rc7 f5
44.Rc6+ Kd7 45.Rxa6 fxe4 46.Ra3 h5 47.Kxe4 h4 48.gxh4 Rxh4 49.Ke5 Ke7 50.Ra7+ Kf8
51.a4 Kg7 52.Rc7 Rh1 53.Rc4 Ra1 54.Kd6 Kf6 55.Kc6 Ke7 56.Rd4 Rc1+ 57.Kb5 Rb1+
58.Rb4 Ra1 59.a5 Kd7 60.Kb6 Kc8 61.a6 Kb8 62.Rb5 Re1 63.f5 Rc1 64.Re5 Rb1+
65.Kc6 Ka7 66.Re7+ Kxa6 67.Rxf7 Rc1+ 68.Kd6 Kb6 69.Rd7 Rf1 70.Ke6 Re1+ 71.Kf7 Kc6
72.Rd2 Re3 73.f6 Rf3 74.Ke7 Re3+ 75.Kf8 Rf3 76.f7 Kc7 77.Rg2  1-0

[Event "Corporation Centre Cup A"]
[Site "Izhevsk RUS"]
[Date "2012.07.17"]
[Round "3.2"]
[White "Smirnov,P"]
[Black "Goganov,A"]
[Result "0-1"]
[WhiteElo "2592"]
[BlackElo "2509"]

1.c4 c6 2.d4 d5 3.Nc3 Nf6 4.e3 e6 5.Nf3 Nbd7 6.Bd3 dxc4 7.Bxc4 b5 8.Bd3 a6
9.e4 c5 10.e5 cxd4 11.Nxb5 axb5 12.exf6 gxf6 13.O-O Qb6 14.Qe2 Bb7 15.Bxb5 Rg8
16.Bf4 Bd6 17.Bg3 f5 18.a4 f4 19.Bh4 Be7 20.Rfd1 Rd8 21.Ra3 Qc5 22.Qd2 Qh5
23.Qxd4 Bxa3 24.Bxd7+ Kf8 25.Qf6 Rxg2+ 26.Kf1 Qxf3 27.Qxd8+ Kg7 28.Bc6 Bxc6
29.Qf6+ Kg8 30.Rd8+ Bf8 31.Rxf8+ Kxf8 32.Qe7+ Kg8 33.Qd8+ Be8 34.Qxe8+ Kg7
35.Qd8 Rg6 36.Be7 Kh6 37.h4 Qe4 38.Qf8+ Kh5 39.Qxf7 f3  0-1

[Event "Helmut-Kohls-Turnier 2012"]
[Site "Dortmund GER"]
[Date "2012.07.18"]
[Round "5"]
[White "Becker,Marce"]
[Black "Loetscher,R"]
[Result "1/2-1/2"]
[WhiteElo "2427"]
[BlackElo "2402"]

1.d4 d5 2.Nf3 Nf6 3.c4 c6 4.Nc3 e6 5.e3 Nbd7 6.Bd3 dxc4 7.Bxc4 b5 8.Bd3 Bb7
9.O-O a6 10.e4 c5 11.d5 Qc7 12.Bc2 c4 13.dxe6 fxe6 14.Ng5 Nc5 15.Qe2 h6 16.Nh3 O-O-O
17.e5 Nd5 18.Nxd5 Rxd5 19.f4 Nd3 20.Be3 Bc5 21.Nf2 Nxf2 22.Rxf2 Rhd8 23.h3 g5
24.Be4 gxf4 25.Bxc5 Rxc5 26.Re1 Rf8 27.Bxb7+ Qxb7 28.Qg4 Qf7 29.Re4 Qg8 30.Rfxf4 Rd8
31.Qf3 Rcd5 32.Rf7 Qg5 33.Re2 R8d7 34.Rf8+ Rd8 35.Rf7 R8d7  1/2-1/2

[Event "Sparkassen Open A"]
[Site "Dortmund GER"]
[Date "2012.07.18"]
[Round "5.22"]
[White "Rohovoy,Dmitrij"]
[Black "Steinmetzer,T"]
[Result "1/2-1/2"]
[WhiteElo "1969"]
[BlackElo "2114"]

1.d4 d5 2.c4 e6 3.Nc3 c6 4.e3 Nf6 5.Nf3 Nbd7 6.Qc2 Bd6 7.b3 O-O 8.Bd3 Qe7
9.O-O h6 10.Bb2 b6 11.e4 dxe4 12.Nxe4 Nxe4 13.Bxe4 Bb7 14.Rfe1 Nf6 15.Bd3 Qc7
16.Qc3 Rfd8 17.Ne5 c5 18.Qc2 cxd4 19.Bxd4 Bb4 20.Bc3 Nd5 21.cxd5 Qxc3 22.dxe6 Qxc2
23.exf7+ Kf8 24.Bxc2 Bxe1 25.Rxe1 g5 26.Bg6 Kg7 27.Bh5 Bd5 28.f4 gxf4 29.Rf1 Kf6
30.f8=Q+  1/2-1/2

[Event "35th Taminco Open"]
[Site "Ghent BEL"]
[Date "2012.07.18"]
[Round "9.8"]
[White "Gregoir,C"]
[Black "Van der Zwet,B"]
[Result "1-0"]
[WhiteElo "2279"]
[BlackElo "2058"]

1.d4 e6 2.c4 Nf6 3.Nf3 d5 4.Nc3 c6 5.e3 Be7 6.Bd3 dxc4 7.Bxc4 c5 8.O-O cxd4
9.exd4 O-O 10.Ne5 Nbd7 11.Be3 Nb6 12.Bb3 Nbd5 13.Qf3 a6 14.Bg5 Qd6 15.Rfd1 Ra7
16.Rac1 Nxc3 17.Rxc3 Nd5 18.Bxd5 f6 19.Bb3 fxg5 20.Rxc8 Rxc8 21.Qf7+ Kh8
22.Bxe6 Qxd4 23.Qg8+ Rxg8 24.Nf7+  1-0

[Event "Corporation Centre Cup A"]
[Site "Izhevsk RUS"]
[Date "2012.07.18"]
[Round "4.39"]
[White "Rudometov,M"]
[Black "Afanasiev,D2"]
[Result "1/2-1/2"]
[WhiteElo "2187"]
[BlackElo "2068"]

1.c4 e6 2.d4 d5 3.Nc3 c6 4.Nf3 Nf6 5.e3 Nbd7 6.Bd3 dxc4 7.Bxc4 b5 8.Be2 a6
9.a3 c5 10.O-O Bb7 11.dxc5 Bxc5 12.b4 Be7 13.Bb2 O-O 14.Qb3 Qb8 15.Rfd1 Rc8
16.Rac1 Nb6 17.Nd2 Ra7 18.Bf3 Bxf3 19.Nxf3 Nc4 20.Ba1 Rac7 21.Ne2 Ng4 22.h3 Nf6
23.Ne5 Qb7 24.Nxc4 Rxc4 25.Rxc4 Rxc4 26.Qd3 h6 27.Nd4 Qe4 28.Bb2 Qxd3 29.Rxd3 Rc8
30.f3 Ne8 31.Rc3 Rxc3 32.Bxc3 Bf6 33.Ne2 Nd6 34.Bxf6 gxf6 35.Nd4 Nc4 36.Nc2 f5
37.g4 fxg4 38.hxg4 Kg7 39.Kf2 Kg6 40.Kg3 f5 41.Nd4 fxg4 42.Nxe6 gxf3 43.Kxf3 Nxa3  1/2-1/2

[Event "Turkish Bank Chess League 2012"]
[Site "Konya TUR"]
[Date "2012.07.18"]
[Round "9"]
[White "Citak,S"]
[Black "Sirin,A"]
[Result "1-0"]
[WhiteElo "2357"]
[BlackElo "2255"]

1.d4 d5 2.Nf3 Nf6 3.c4 e6 4.Nc3 c6 5.e3 Nbd7 6.Qc2 a6 7.b3 Bd6 8.Be2 O-O
9.O-O e5 10.cxd5 cxd5 11.dxe5 Nxe5 12.Bb2 Qc7 13.h3 Be6 14.Rac1 Rac8 15.Nd4 Qa5
16.Qb1 Bb4 17.Qa1 Bd7 18.a3 Bd6 19.Rfd1 Bb8 20.Bf3 Be6 21.Qb1 Qb6 22.Nce2 Bd7
23.Nf4 Nxf3+ 24.Nxf3 Bxf4 25.exf4 Rxc1 26.Bxc1 Rc8 27.Be3 Qa5 28.a4 Ne4 29.Qd3 Be6
30.Bd4 f6 31.Bb2 Qb6 32.Nd4 Bf7 33.f5 Re8 34.Rc1 Qd6 35.Qc2 h5 36.Qc7 Qb4
37.Qf4 Nc5 38.Bc3 Qb6 39.a5 Qd8 40.Rd1 Ne4 41.Bb4 Qd7 42.f3 Ng5 43.h4 Nh7
44.Rc1 Rc8 45.Rxc8+ Qxc8 46.Qd6 Nf8 47.Kh2 Nd7 48.Ne6 Qb8 49.Nc7 Ne5 50.Bc5 Nc6
51.b4 Qd8 52.Qxd8+ Nxd8 53.Kg3 Nc6 54.Kf4 Kh7 55.Ne6 Bxe6 56.fxe6 Kg8 57.Kf5 Ne5
58.f4 Nc6 59.Kg6 d4 60.Bxd4 Ne7+ 61.Kxh5 Kh7 62.Bc5 Nd5  1-0

[Event "27th Gniota Memorial"]
[Site "Police POL"]
[Date "2012.07.18"]
[Round "8.1"]
[White "Shishkin,Va UKR"]
[Black "Urban,K"]
[Result "1/2-1/2"]
[WhiteElo "2485"]
[BlackElo "2453"]

1.d4 d5 2.c4 c6 3.Nc3 Nf6 4.Nf3 e6 5.e3 Be7 6.Bd3 O-O 7.O-O b6 8.b3 Bb7 9.Bb2 Nbd7
10.Qc2 h6 11.Rad1 Qc7 12.Qe2 Rad8 13.Ne5 dxc4 14.bxc4 Nxe5 15.dxe5 Nd7 16.f4 Nc5
17.Bb1 Rxd1 18.Rxd1 Rd8 19.Rxd8+  1/2-1/2

[Event "2nd Science Park Open A"]
[Site "Amsterdam NED"]
[Date "2012.07.19"]
[Round "6"]
[White "Stork,O"]
[Black "Ritsema,R"]
[Result "1-0"]
[WhiteElo "2136"]
[BlackElo "2054"]

1.d4 d5 2.c4 e6 3.Nc3 c6 4.e3 Nf6 5.Nf3 Nbd7 6.Qc2 a6 7.Bd2 Be7 8.g4 dxc4
9.Bxc4 b5 10.Bd3 Bb7 11.g5 Nh5 12.Bxh7 Bxg5 13.Nxg5 Qxg5 14.Be4 Nhf6 15.O-O-O Nxe4
16.Nxe4 Qe7 17.Rhg1 g6 18.Ba5 f5 19.Nc5 Nxc5 20.dxc5 Kf7 21.Rd6 Rxh2 22.Rgd1 Bc8
23.Rxc6 Rh4 24.f4 Ke8 25.Rc7 Qf6 26.Qg2  1-0

[Event "Turkish Bank Chess League 2012"]
[Site "Konya TUR"]
[Date "2012.07.19"]
[Round "10"]
[White "Ererdem,G"]
[Black "Koksal,E"]
[Result "1/2-1/2"]
[WhiteElo "1963"]
[BlackElo "2254"]

1.d4 d5 2.c4 c6 3.Nf3 Nf6 4.Nc3 e6 5.e3 Nbd7 6.Qc2 Bd6 7.Bd3 O-O 8.O-O dxc4
9.Bxc4 e5 10.Rd1 Qe7 11.e4 exd4 12.Nxd4 Ne5 13.Be2 Ng6 14.Nf5 Bxf5 15.exf5 Nf4
16.Bf3 N4d5 17.Nxd5 Nxd5 18.Bxd5 cxd5 19.Be3 Rfd8 20.Bd4 Be5 21.g3 Bxd4 22.Rxd4 Rd6
23.Rad1 Rad8 24.Qb3 R6d7 25.Qf3 Qe5 26.b3 h6 27.Kg2 Rd6 28.h4 R8d7 29.R1d2 Rd8
30.Rd1 R8d7 31.R1d2 a6 32.Qd3 Rd8 33.Re2 Qf6 34.Rd2 Qe5 35.Re2 Qf6  1/2-1/2

[Event "Turkish Bank Chess League 2012"]
[Site "Konya TUR"]
[Date "2012.07.19"]
[Round "10"]
[White "Polatel,A"]
[Black "Yanik,E"]
[Result "1-0"]
[WhiteElo "2129"]
[BlackElo "1955"]

1.Nf3 Nf6 2.c4 e6 3.Nc3 d5 4.d4 c6 5.e3 Nbd7 6.Qc2 Be7 7.g4 Nxg4 8.Rg1 Nh6
9.Rxg7 Nf5 10.Rg1 Nh4 11.Nxh4 Bxh4 12.e4 dxc4 13.Be3 Nb6 14.O-O-O Bd7 15.a4 Qc7
16.a5 Nc8 17.Bxc4 Qxa5 18.d5 Bf6 19.dxe6 Bxe6 20.Bxe6 fxe6 21.Qd3 Qc7 22.f4 Bxc3
23.Qxc3 Rf8 24.Rg7 Ne7  1-0

[Event "ch-Oklahoma State 2012"]
[Site "Broken Arrow USA"]
[Date "2012.07.21"]
[Round "2.5"]
[White "Amburn,T"]
[Black "Maldonado Jr,Ernest"]
[Result "1-0"]
[WhiteElo "2150"]
[BlackElo "1744"]

1.Nf3 Nf6 2.c4 e6 3.Nc3 d5 4.d4 c6 5.e3 Nbd7 6.Bd3 Bd6 7.O-O O-O 8.Qc2 Qe7
9.e4 dxe4 10.Nxe4 Nxe4 11.Bxe4 Nf6 12.Bd3 h6 13.b3 c5 14.Bb2 b6 15.Rfe1 Qd8
16.Rad1 Qc7 17.dxc5 Bxc5 18.Bxf6 gxf6 19.Qc3 Qe7 20.Qc1 Kg7 21.Nh4 e5 22.Bf5 Be6
23.Rd3 Rh8 24.Qc2 Rad8 25.Red1 Rd4 26.Rxd4 Bxd4 27.Bxe6 fxe6 28.Qg6+ Kf8
29.Qd3  1-0

[Event "Caissa GM July 2012"]
[Site "Kecskemet HUN"]
[Date "2012.07.21"]
[Round "1.3"]
[White "Aczel,G"]
[Black "Borosova,Z"]
[Result "1-0"]
[WhiteElo "2433"]
[BlackElo "2291"]

1.d4 d5 2.c4 c6 3.Nf3 Nf6 4.Nc3 e6 5.e3 Nbd7 6.b3 Bb4 7.Bd2 O-O 8.Bd3 c5
9.O-O dxc4 10.bxc4 a6 11.Rb1 Ba5 12.Qc2 h6 13.Rfd1 Qc7 14.d5 exd5 15.Nxd5 Nxd5
16.Bxa5 Qxa5 17.cxd5 b5 18.Bh7+ Kh8 19.Bf5 Nf6 20.Bxc8 Raxc8 21.e4 Nd7 22.e5 Qc7
23.Re1 Kg8 24.d6 Qc6 25.Nh4 Rce8 26.Nf5 Qb7 27.Qc3 Re6 28.Qg3 g6 29.Nxh6+ Kh7
30.Nxf7 Rxf7 31.Qh3+ Kg7 32.Qxe6 c4 33.Qg4 Qb6 34.Qg3  1-0

[Event "Turkish Bank Chess League 2012"]
[Site "Konya TUR"]
[Date "2012.07.21"]
[Round "12"]
[White "Gunina,V"]
[Black "Paikidze,N"]
[Result "0-1"]
[WhiteElo "2533"]
[BlackElo "2381"]

1.d4 Nf6 2.c4 e6 3.Nf3 d5 4.Nc3 c6 5.e3 Nbd7 6.Qc2 Bd6 7.b3 O-O 8.Be2 b6
9.O-O Bb7 10.Bb2 Rc8 11.Rad1 Qe7 12.Rfe1 Rfd8 13.Qb1 c5 14.cxd5 exd5 15.g3 a6
16.Bf1 b5 17.dxc5 Nxc5 18.Bh3 Ne6 19.Nd4 Bb4 20.Qa1 Ne4 21.Nf5 Qg5 22.Nxe4 dxe4
23.Rxd8+ Rxd8 24.Rd1 Bf8 25.Be5 Rd3 26.Rc1 Qh5 27.Nh4 Ng5 28.Bf1 Qg4 29.Qb2 Rd1
30.Rxd1 Qxd1 31.Qe2 Qd5 32.Bb2 Bc8 33.Bg2 h5 34.f3 Bc5 35.fxe4 Nxe4 36.Bf3 Bg4
37.Ng2 Qf5 38.Bxg4 hxg4 39.Nf4 Ng5 40.Bc1 Qb1 41.Nd3 Ba3 42.Qd1 Nf3+ 43.Kg2 Qxa2+
44.Nf2 Bxc1 45.Qxc1 Kh7 46.Qc8 Ne1+ 47.Kf1 Qb1 48.Nxg4 f5 49.Nf2 Nc2+ 50.Ke2 Qe1+
51.Kf3 Qxe3+ 52.Kg2 Nd4 53.Qxa6 Qf3+ 54.Kf1 Qxb3 55.Qd6 Qc4+ 56.Kg2 b4 57.Qf4 Qd5+
58.Kh3 Nf3 59.g4 b3 60.Qc1 Nd2 61.Qc3 fxg4+ 62.Kh4 Nf3+ 63.Kxg4 Nxh2+ 64.Kg3 Nf1+
65.Kh3 Nd2 66.Kh2 Qh5+ 67.Kg1 Qg5+ 68.Kh2 Nf1+ 69.Kh1 Qg3 70.Qd3+ Qxd3 71.Nxd3 Nd2
72.Nb2 Kg6 73.Kg2 Kf5 74.Kf2 Ke4 75.Ke2 Nf3 76.Nd3 Nd4+ 77.Kd2 g5 78.Kc3 g4
79.Nf2+ Kf3 80.Nd3 g3 81.Ne1+ Kf2 82.Nd3+ Kf1  0-1

[Event "Turkish Bank Chess League 2012"]
[Site "Konya TUR"]
[Date "2012.07.21"]
[Round "12"]
[White "Mamedyarov,S"]
[Black "Esen,B"]
[Result "1-0"]
[WhiteElo "2726"]
[BlackElo "2575"]

1.d4 d5 2.c4 c6 3.Nc3 Nf6 4.e3 e6 5.Nf3 Nbd7 6.Bd3 dxc4 7.Bxc4 b5 8.Bd3 a6
9.e4 c5 10.d5 Qc7 11.O-O Bb7 12.Bc2 Bd6 13.dxe6 fxe6 14.Ng5 Nf8 15.f4 O-O-O
16.Qe2 h6 17.Nf3 Bxf4 18.e5 Bxf3 19.Qxf3 Bxe5 20.Qa8+ Kd7 21.Qxa6 Ke7 22.Kh1 Bxh2
23.Be3 Qe5 24.Rf3 Bg3 25.Qxb5 N8d7 26.Bg6 h5 27.Rd1 Rhf8 28.Ne2 Rb8 29.Qd3 h4
30.Nxg3 hxg3 31.Bf4 Rh8+ 32.Kg1 Qd4+ 33.Qxd4 cxd4 34.Bxb8 Rxb8 35.Rxd4 Rxb2
36.Ra4 Rd2 37.Rxg3 Ne5 38.Kh2 Re2 39.Kg1 Rd2 40.Bh7 Kf7 41.Ra7+ Kf8 42.Rc3 Neg4
43.Rc8+ Ne8 44.Bc2 Re2 45.g3 Re1+ 46.Kg2 Rc1 47.Rac7 Nf6 48.a4 e5 49.a5 e4
50.Rf7+  1-0

[Event "23rd Czech Open A"]
[Site "Pardubice CZE"]
[Date "2012.07.21"]
[Round "2.59"]
[White "Gutman,G"]
[Black "Sochacki,W"]
[Result "1/2-1/2"]
[WhiteElo "2493"]
[BlackElo "2263"]

1.d4 d5 2.Nf3 Nf6 3.c4 c6 4.Nc3 e6 5.e3 Nbd7 6.Bd3 Bd6 7.O-O O-O 8.e4 dxc4
9.Bxc4 e5 10.Bg5 Qe7 11.Re1 Rd8 12.d5 Nb6 13.Bb3 h6 14.Bh4 Bg4 15.dxc6 bxc6
16.Qe2 g5 17.Bg3 Nfd7 18.Nd1 Nc5 19.Ne3 Bc8 20.Bc2 a5 21.Nd2 f6 22.Nf5 Bxf5
23.exf5 Kg7 24.f4 exf4 25.Qxe7+ Bxe7 26.Rxe7+ Kf8 27.Re2 fxg3 28.hxg3 Re8
29.Rae1  1/2-1/2

[Event "23rd Czech Open A"]
[Site "Pardubice CZE"]
[Date "2012.07.21"]
[Round "2.23"]
[White "Meskovs,N"]
[Black "Fodor,T jr"]
[Result "0-1"]
[WhiteElo "2347"]
[BlackElo "2503"]

1.d4 d5 2.c4 c6 3.Nc3 Nf6 4.Nf3 e6 5.e3 Nbd7 6.Qc2 Bd6 7.Bd3 dxc4 8.Bxc4 b5
9.Bd3 Bb7 10.O-O O-O 11.Bd2 a6 12.h3 c5 13.Ng5 h6 14.Nge4 Be7 15.dxc5 Nxc5
16.Nxc5 Bxc5 17.Rfd1 Rc8 18.a3 Qe7 19.Rac1 Ba8 20.Qb1 Qb7 21.Bf1 Ba7 22.Ne2 Ne4
23.Bb4 Rxc1 24.Nxc1 Rc8 25.Nd3 Ng5 26.Nf4 Bb8 27.Kh2 Nf3+ 28.Kh1 Nh4 29.Bd6 e5
30.Bxb8 exf4  0-1

[Event "ch-AUT 2012"]
[Site "Zwettl AUT"]
[Date "2012.07.21"]
[Round "1.17"]
[White "Zoebisch,H"]
[Black "Halvax,G"]
[Result "0-1"]
[WhiteElo "2108"]
[BlackElo "2301"]

1.d4 d5 2.c4 e6 3.Nc3 c6 4.e3 Nf6 5.Nf3 Nbd7 6.Bd3 dxc4 7.Bxc4 b5 8.Bd3 a6
9.e4 c5 10.e5 cxd4 11.Nxb5 axb5 12.exf6 gxf6 13.Nxd4 Qb6 14.Be4 Ra4 15.Be3 Bc5
16.Rc1 e5 17.Rxc5 Nxc5 18.Bc6+ Ke7 19.Nb3 Qxc6 20.Bxc5+ Ke8 21.O-O Be6 22.Be3 Rxa2
23.Nc5 Rg8 24.f3 Rxb2 25.Rf2 Rxf2 26.Kxf2 Qd5 27.Qb1 Qa2+ 28.Qxa2 Bxa2 29.Ne4 Ke7
30.Bc5+ Ke6  0-1

[Event "ch-AUT 2012"]
[Site "Zwettl AUT"]
[Date "2012.07.21"]
[Round "1.2"]
[White "Baumegger,S"]
[Black "Neff,G"]
[Result "1-0"]
[WhiteElo "2447"]
[BlackElo "2205"]

1.c4 c6 2.Nc3 d5 3.e3 Nf6 4.Nf3 e6 5.d4 Nbd7 6.Bd3 Bd6 7.e4 dxe4 8.Nxe4 Nxe4
9.Bxe4 Bb4+ 10.Bd2 Bxd2+ 11.Qxd2 Nf6 12.Bc2 O-O 13.O-O b6 14.Rad1 Bb7 15.Qf4 Qe7
16.Rfe1 Rad8 17.Ne5 Qb4 18.Qc1 c5 19.a3 Qa5 20.Re3 Rxd4 21.Rxd4 cxd4 22.b4 Qa6
23.Rg3 Be4 24.Qg5 Bg6 25.Bxg6 hxg6 26.Rh3 Qa4 27.g4 Qd1+ 28.Kg2 Re8 29.Qf4 Rf8
30.Rd3 Qa1 31.Qxd4 Qxd4 32.Rxd4 a5 33.g5 Nh5 34.Nd7 e5 35.Rd6 Re8 36.Rxb6 axb4
37.axb4 Nf4+ 38.Kf3 Nh3 39.c5 Nxg5+ 40.Ke3 Ne6 41.c6  1-0

[Event "30th Andorra Open"]
[Site "Andorra la Vella AND"]
[Date "2012.07.22"]
[Round "2.2"]
[White "Laclau,D"]
[Black "Negi,P"]
[Result "0-1"]
[WhiteElo "2326"]
[BlackElo "2661"]

1.d4 d5 2.Nf3 Nf6 3.c4 e6 4.Nc3 c6 5.e3 Nbd7 6.Qc2 Bd6 7.Bd3 O-O 8.O-O dxc4
9.Bxc4 b5 10.Be2 Bb7 11.Rd1 Qb8 12.Bd2 Rc8 13.Ne4 Nxe4 14.Qxe4 c5 15.Qh4 c4
16.e4 e5 17.Rac1 Nf6 18.d5 a5 19.Bg5 Ne8 20.Ne1 f6 21.Bd2 Rc7 22.Nc2 Be7
23.Ne3 Nd6 24.f3 Qc8 25.Qe1 b4 26.a3 bxa3 27.bxa3 Rc5 28.a4 Qc7 29.Rc3 Ba6
30.Rb1 Qd7 31.Qd1 f5 32.Qc2 Rac8 33.Be1 R5c7 34.Bf2 f4 35.Nf1 Rb7 36.Rxb7 Qxb7
37.Nd2 Qb4 38.Be1 Bd8 39.Kf1 Bb6 40.Nb1 Qc5  0-1

[Event "72nd ch-ITA S/F 2012"]
[Site "Civitanova Marche ITA"]
[Date "2012.07.22"]
[Round "9"]
[White "Borgiani,F"]
[Black "Bianco,V"]
[Result "0-1"]
[WhiteElo "2148"]
[BlackElo "2141"]

1.d4 d5 2.Nf3 Nf6 3.c4 c6 4.e3 e6 5.Nc3 Nbd7 6.Qc2 b6 7.a3 Bb7 8.cxd5 cxd5
9.Bd3 Rc8 10.O-O Bd6 11.Qe2 O-O 12.Bd2 Re8 13.Ba6 Bxa6 14.Qxa6 e5 15.Nb5 Bb8
16.Nxa7 Rc4 17.b3 e4 18.bxc4 exf3 19.g3 Ne4 20.Nc6 Qf6 21.cxd5 Nxd2 22.Rfd1 Ne4
23.Nxb8 Nxb8 24.Qb5 Rd8 25.Rac1 h5 26.Rc7 Qf5 27.Rdc1 h4 28.Re7 hxg3 29.hxg3 Nd2
30.Re8+ Kh7  0-1

[Event "Turkish Bank Chess League 2012"]
[Site "Konya TUR"]
[Date "2012.07.22"]
[Round "13"]
[White "Topel,Z"]
[Black "Nalbantoglu,H"]
[Result "1-0"]
[WhiteElo "2226"]
[BlackElo "1997"]

1.d4 d5 2.c4 c6 3.Nc3 Nf6 4.Nf3 e6 5.e3 Nbd7 6.Be2 dxc4 7.Bxc4 b5 8.Bd3 a6
9.O-O c5 10.b3 Bb7 11.Qe2 Rc8 12.Bb2 Be7 13.Rfd1 Qb6 14.Rac1 O-O 15.Bb1 Rfd8
16.Ne5 Nf8 17.dxc5 Bxc5 18.Ng4 Be7 19.Rxd8 Rxd8 20.Nd1 N8d7 21.Ne5 Qd6 22.f4 g6
23.Nf2 Qb6 24.Bd4 Bc5 25.Rxc5 Nxc5 26.b4 Qc7 27.bxc5 Nd7 28.Nxd7 Qxd7 29.Ng4  1-0

[Event "45th Biel Masters Open"]
[Site "Biel SUI"]
[Date "2012.07.23"]
[Round "1"]
[White "Pelletier,Y"]
[Black "Astengo,C"]
[Result "1-0"]
[WhiteElo "2599"]
[BlackElo "2133"]

1.Nf3 d5 2.d4 Nf6 3.c4 c6 4.Nc3 e6 5.e3 Nbd7 6.Qc2 Bd6 7.b3 O-O 8.Be2 e5
9.cxd5 cxd5 10.dxe5 Nxe5 11.O-O Bg4 12.Nd4 Rc8 13.f3 Bd7 14.Bd2 Re8 15.Rf2 Nc6
16.Qb2 Nxd4 17.exd4 Qb6 18.Nd1 Qc7 19.g3 Qc2 20.Qxc2 Rxc2 21.Bd3 Rcc8 22.Kg2 Bc7
23.Nc3 Bb6 24.Ne2 Re7 25.Bg5 Re6 26.Rd1 h6 27.Bc1 Re7 28.h4 Ne8 29.Bb2 Re3
30.Nf4 Bc6 31.Rc2 Nd6 32.Ba3 Rd8 33.Bc5 Nb5 34.Bxb6 axb6 35.Bxb5 Bxb5 36.Kf2 Rde8
37.g4 g5 38.hxg5 hxg5 39.Nxd5 Re2+ 40.Rxe2 Rxe2+ 41.Kg3 Rxa2 42.Ne3 Ra5 43.b4 Ba4
44.Ra1  1-0